| 000 | 00912nam a2200217Ia 4500 | ||
|---|---|---|---|
| 003 | Ost | ||
| 005 | 20260507074921.0 | ||
| 008 | 260507s9999||||xx |||||||||||||| ||und|| | ||
| 040 | _cfsecg | ||
| 041 | _aara | ||
| 082 | _a516 | ||
| 100 |
_aشطناوي، فاضل سلامة _eمؤلف |
||
| 245 | 0 |
_aأسس الرياضيات والمفاهيم الهندسية الأساسية / _c فاضل سلامة شطناوي |
|
| 260 |
_aعمان: _bدار المسيرة للنشر و التوزيع, _c2008 |
||
| 300 |
_a189 صفحة؛ _bإيضاحات ؛ _c25 سم |
||
| 504 | _aببليوغرافيا: ص.189 | ||
| 520 | _aمفاهيم أساسية في هندسة اقليدس: طبيعة الرياضيات والبنية الرياضية لهندسة اقليدس، اسس الرياضيات | ||
| 653 | _aالرياضيات | ||
| 653 | _aالهندسة-الطرق الاحصائية | ||
| 942 | _cكتاب | ||
| 999 |
_c41802 _d41802 |
||